Städte an Autobahnen A1-A9 extreme - Statistiken

Allgemein
  • Dieses Quiz wurde 160 mal gespielt
    146 seit der letzten Aktualisierung
  • Das Durchschnittsergebnis liegt bei 77 aus 227
Antwortstatistiken
Autobahn Anfangsbuchstabe Antwort % Korrekt
A1 L Lübeck
72%
A1 H Hamburg
70%
A9 I Ingolstadt
64%
A9 M München
64%
A9 N Nürnberg
64%
A1 B Bremen
60%
A2 H Hannover
60%
A8 A Augsburg
55%
A3 K Köln
55%
A3 O Oberhausen
55%
A8 S Stuttgart
55%
A8 U Ulm
55%
A4 A Aachen
53%
A4 D Dresden
53%
A3 D Duisburg
53%
A3 F Frankfurt am Main
53%
A7 H Hamburg
53%
A8 M München
53%
A3 N Nürnberg
53%
A2 O Oberhausen
53%
A3 P Passau
53%
A8 R Rosenheim
53%
A4 C Chemnitz
51%
A3 D Düsseldorf
51%
A4 E Erfurt
51%
A7 F Fulda
51%
A4 G Gera
51%
A7 G Göttingen
51%
A7 H Hannover
51%
A4 J Jena
51%
A7 K Kassel
51%
A3 L Leverkusen
51%
A2 M Magdeburg
51%
A3 R Regensburg
51%
A3 W Würzburg
51%
A2 B Braunschweig
49%
A5 F Frankfurt am Main
49%
A4 G Görlitz
49%
A4 K Köln
49%
A1 O Osnabrück
49%
A7 W Würzburg
49%
A3 A Aschaffenburg
47%
A2 B Bielefeld
47%
A2 D Dortmund
47%
A5 F Freiburg im Breisgau
47%
A2 G Gelsenkirchen
47%
A8 K Karlsruhe
47%
A1 M Münster
47%
A3 O Offenbach am Main
47%
A8 S Saarlouis
47%
A4 W Weimar
47%
A3 D Deggendorf
45%
A1 D Dortmund
45%
A5 K Karlsruhe
45%
A1 K Köln
45%
A8 P Pforzheim
45%
A2 R Recklinghausen
45%
A6 S Saarbrücken
45%
A3 W Wiesbaden
45%
A8 Z Zweibrücken
45%
A7 A Aalen
43%
A4 B Bautzen
43%
A2 B Bottrop
43%
A4 E Eisenach
43%
A3 E Erlangen
43%
A1 S Saarbrücken
43%
A9 B Bayreuth
40%
A2 B Brandenburg an der Havel
40%
A2 C Castrop-Rauxel
40%
A5 D Darmstadt
40%
A5 H Heidelberg
40%
A7 K Kempten
40%
A6 M Mannheim
40%
A7 N Neumunster
40%
A5 O Offenburg
40%
A8 U Unterhaching
40%
A1 V Vechta
40%
A5 B Baden-Baden
38%
A6 H Heilbronn
38%
A6 K Kaiserslautern
38%
A1 L Leverkusen
38%
A6 L Ludwigshafen am Rhein
38%
A7 M Memmingen
38%
A8 M Merzig
38%
A6 N Nürnberg
38%
A8 P Pirmasens
38%
A1 U Unna
38%
A5 W Weil am Rhein
38%
A1 W Wuppertal
38%
A6 A Ansbach
36%
A6 C Crailsheim
36%
A4 G Gotha
36%
A1 H Hagen
36%
A7 H Heidenheim
36%
A7 H Hildesheim
36%
A8 H Homburg
36%
A8 L Leonberg
36%
A3 N Neumarkt
36%
A8 N Neunkirchen
36%
A7 N Norderstedt
36%
A5 R Rastatt
36%
A3 S Siegburg
36%
A6 S Sinsheim
36%
A4 B Bad Hersfeld
34%
A5 B Bruchsal
34%
A9 D Dessau-Roßlau
34%
A8 E Ettlingen
34%
A8 F Filderstadt
34%
A4 F Frechen
34%
A1 H Hamm
34%
A3 M Mülheim an der Ruhr
34%
A1 R Remscheid
34%
A6 S Schwabach
34%
A1 A Ahrensburg
32%
A4 D Düren
32%
A1 F Frechen
32%
A2 H Hamm
32%
A6 H Homburg
32%
A1 K Kamen
32%
A2 K Kamen
32%
A3 L Limburg an der Lahn
32%
A6 N Neunkirchen
32%
A2 P Peine
32%
A3 R Ratingen
32%
A8 S Sindelfingen
32%
A3 S Solingen
32%
A5 W Weinheim
32%
A4 B Bergisch Gladbach
30%
A5 B Bühl
30%
A5 E Ettlingen
30%
A6 F Frankenthal
30%
A2 G Garbsen
30%
A5 H Heppenheim
30%
A9 L Lauf an der Pegnitz
30%
A2 L Lehrte
30%
A7 N Northeim
30%
A4 R Radebeul
30%
A3 T Troisdorf
30%
A6 W Wiesloch
30%
A5 B Bensheim
28%
A4 E Eschweiler
28%
A1 E Euskirchen
28%
A8 F Friedberg
28%
A2 G Gladbeck
28%
A2 G Gütersloh
28%
A2 H Helmstedt
28%
A4 K Kerpen
28%
A5 L Lahr
28%
A3 L Langenfeld
28%
A8 L Leinfelden-Echterdingen
28%
A2 L Lünen
28%
A1 S Schwerte
28%
A2 W Wunstorf
28%
A5 A Achern
26%
A2 B Bergkamen
26%
A5 F Friedberg (Hessen)
26%
A3 H Hilden
26%
A1 H Hürth
26%
A8 K Kirchheim unter Teck
26%
A7 L Laatzen
26%
A7 N Neu-Ulm
26%
A8 O Olching
26%
A3 R Rösrath
26%
A7 S Seevetal
26%
A1 B Bergkamen
23%
A1 B Bramsche
23%
A1 B Buchholz
23%
A1 E Erftstadt
23%
A2 H Herford
23%
A4 H Hürth
23%
A2 L Langenhagen
23%
A3 N Neu-Isenburg
23%
A2 P Porta Westfalica
23%
A2 R Rheda-Wiedenbrück
23%
A1 S Schwelm
23%
A1 S Seevetal
23%
A5 W Weiterstadt
23%
A1 A Achim
21%
A2 A Ahlen
21%
A5 B Bad Homburg vor der Höhe
21%
A2 B Bad Oeynhausen
21%
A9 B Bitterfeld-Wolfen
21%
A1 G Gevelsberg
21%
A4 G Gummersbach
21%
A5 M Mörfelden-Walldorf
21%
A5 N Neu-Isenburg
21%
A5 P Pfungstadt
21%
A3 R Rodgau
21%
A2 V Verl
21%
A7 W Walsrode
21%
A3 E Erkrath
19%
A5 G Griesheim
19%
A3 H Hennef
19%
A7 H Henstedt-Ulzburg
19%
A2 H Herten
19%
A6 N Neckarsulm
19%
A8 O Ostfildern
19%
A4 O Overath
19%
A2 R Rinteln
19%
A6 S St. Ingbert
19%
A1 W Wetter
19%
A4 W Würselen
19%
A2 B Beckum
17%
A5 B Butzbach
17%
A5 F Friedrichsdorf
17%
A3 H Hofheim am Taunus
17%
A7 L Lehrte
17%
A3 L Leichlingen
17%
A3 L Lohmar
17%
A2 S Seelze
17%
A2 B Bad Salzuflen
15%
A2 O Oelde
15%
A3 S Sankt Augustin
15%
A1 G Greven
13%
A3 H Hattersheim am Main
13%
A1 L Leichlingen
13%
A1 L Lohne
13%
A5 O Oberursel (Taunus)
13%
A1 S Stuhr
13%
A1 W Wermelskirchen
13%
A9 W Weißenfels
11%
A1 W Weyhe
11%
A2 B Barsinghausen
9%
A1 M Mechernich
9%
A7 W Wedemark
9%
A1 W Werne
9%
A4 W Wiehl
2%
Keine übereinstimmenden Quizze gefunden
Verteilung der Resultate
Anzahl Personen mit jedem Resultat
Perzentil nach korrekt beantworteten Fragen
Ihre Resultats-Entwicklung
Sie haben dieses Quiz seit der letzten Aktualisierung nicht gespielt